banner-ar

ادب امريكا اللاتينية: قضايا ومشكلات (القسم الثانى )( عالم المعرفة 122 ) / (Record no. 50245)

MARC details
000 -الفاتح
حقل البيانات ثابتة الطول 00862nam a2200217Ia 4500
008 - عناصر البيانات ثابتة الطول - معلومات عامة
حقل البيانات ثابتة الطول 140319s9999 xx 000 0 ara d
040 ## - مصدر الفهرسة
وكالة الفهرسة الأصلية GCL /
وكالة النسخ GCL
082 04 - رقم تصنيف ديوى العشرى
رقم التصنيف 870
رقم المادة م ا
100 1# - المدخل الرئيسى - إسم شخصى
الإسم الشخصى شاكر مصطفى
245 10 - بيان العنوان
العنوان ادب امريكا اللاتينية: قضايا ومشكلات (القسم الثانى )( عالم المعرفة 122 ) /
بيان المسئوليه,etc شاكر مصطفى
700 1# - المدخل الاضافى - اسم شخصى
الإسم الشخصى مورينو , سيزادفرناندث
700 1# - المدخل الاضافى - اسم شخصى
الإسم الشخصى احمد حسان عبدالواحد
300 ## - الوصف المادى
التعداد 423 ص ؛
أبعاد الوعاء 16 سم
490 ## - بيان السلسلة
عنوان السلسلة عالم المعرفة
رقم المجلد/ التعيين التسلسلي 0
650 04 - المدخل الاضافى بالموضوع-مصطلح موضوعى
مصطلح موضوعي امريكا الجنوبية
650 04 - المدخل الاضافى بالموضوع-مصطلح موضوعى
مصطلح موضوعي امريكا الجنوبية فى الادب
650 04 - المدخل الاضافى بالموضوع-مصطلح موضوعى
مصطلح موضوعي امريكا الجنوبية - حضارة
942 ## - عناصر المدخل الإضافي( كوها)
مصدر التصنيف او مخطط الترفيف Dewey Decimal Classification
Koha [default] item type كتاب
260 ## - PUBLICATION, DISTRIBUTION, ETC. (IMPRINT)
-- الكويت :
-- المجلس الوطنى للثقافة والفنون والاداب
Holdings
حالة التراجع حالة الفقد حالة تلف ليس للاعارة المكان المؤقت الموقع الحالى تاريخ الاكتساب اجمالي اﻻعارات رقم الطلب الباركود تاريخ اخر مشاهدة تاريخ تفعيل السعر نوع وعاء كوها
        مكتبة القاهرة الكبرى مكتبة القاهرة الكبرى 03/26/2014   870\م ا 120607 03/26/2014 03/26/2014 كتاب
        مكتبة القاهرة الكبرى مكتبة القاهرة الكبرى 03/26/2014   870\م ا 120608 03/26/2014 03/26/2014 كتاب
        مكتبة القاهرة الكبرى مكتبة القاهرة الكبرى 03/26/2014   870\م ا 120609 03/26/2014 03/26/2014 كتاب

Powered By

EGPV